[Event "Valencia Torrefiel U2200 1st"]
[Site "Valencia"]
[Date "2014.11.02"]
[Round "6.13"]
[White "Magraner Del Val, Alfonso"]
[Black "Gil Lopez, Alejandro"]
[Result "0-1"]
[WhiteElo "1501"]
[BlackElo "1522"]
[PlyCount "96"]
[EventDate "2014.10.31"]
[EventType "swiss"]
[EventRounds "7"]
[EventCountry "ESP"]
[SourceTitle "EXT 2024"]
[Source "ChessBase"]
[SourceDate "2023.10.10"]
[SourceVersion "1"]
[SourceVersionDate "2023.10.10"]
[SourceQuality "1"]

1. e4 c5 2. Nf3 g6 3. d4 cxd4 4. Nxd4 Bg7 5. c3 Nc6 6. Be2 d5 7. Nxc6 bxc6 8. exd5 Qxd5 9. Qxd5 cxd5 10. Bb5+ Bd7 11. Bxd7+ Kxd7 12. 0-0 e6 13. Be3 Rb8 14. b3 a6 15. Rc1 Ne7 16. Bc5 Rhc8 17. b4 Nc6 18. a3 a5 19. Ra2 axb4 20. cxb4 Rb7 21. Rac2 Bh6 22. Be3 Bxe3 23. fxe3 Rbc7 24. Kf2 f5 25. b5 Ne5 26. Rxc7+ Rxc7 27. Rxc7+ Kxc7 28. h3 h5 29. a4 Nc4 30. Kf3 g5 31. g3 g4+ 32. hxg4 hxg4+ 33. Kf4 Kd6 34. Nc3 Ke7 35. Kg5 Nxe3 36. b6 Kd7 37. Kf6 Kc6 38. a5 d4 39. Nb1 Nc4 40. Kxe6 f4 41. gxf4 g3 42. f5 g2 43. f6 g1Q 44. f7 Qxb1 45. f8Q Qe4+ 46. Kf7 Qf5+ 47. Kg8 Qxf8+ 48. Kxf8 Nxa5 0-1

[Event "Valencia Torrefiel U2200 1st"]
[Site "Valencia"]
[Date "2014.10.31"]
[Round "1.10"]
[White "Magraner Del Val, Alfonso"]
[Black "Molano Lafuente, Ismael"]
[Result "0-1"]
[WhiteElo "1501"]
[BlackElo "1902"]
[PlyCount "56"]
[EventDate "2014.10.31"]
[EventType "swiss"]
[EventRounds "7"]
[EventCountry "ESP"]
[SourceTitle "EXT 2024"]
[Source "ChessBase"]
[SourceDate "2023.10.10"]
[SourceVersion "1"]
[SourceVersionDate "2023.10.10"]
[SourceQuality "1"]

1. e4 c5 2. Nf3 Nc6 3. c3 d5 4. exd5 Qxd5 5. h3 e5 6. d3 Bf5 7. Nh4 Be6 8. Qf3 Qd7 9. Be2 Be7 10. Qg3 f5 11. Nf3 Bf6 12. Bg5 0-0-0 13. Bxf6 gxf6 14. Nfd2 Nge7 15. Na3 Rhg8 16. Qh2 e4 17. Bf1 Ne5 18. 0-0-0 Nxd3+ 19. Bxd3 exd3 20. c4 Nc6 21. Nb5 a6 22. Nc3 Nd4 23. b3 Ne2+ 24. Kb2 Nxc3 25. Rde1 Qd4 26. Rxe6 Na4+ 27. Kc1 Qb2+ 28. Kd1 Nc3+ 0-1